[Event "Wch U14 blitz"]
[Site "Batumi"]
[Date "2023.06.10"]
[Round "4"]
[White "Esmer, Kemal Eymen"]
[Black "Hvozdz, Aliaksandr"]
[Result "1-0"]
[WhiteElo "1638"]
[BlackElo "1784"]
[PlyCount "117"]
[EventDate "2023.06.10"]
[EventType "swiss (blitz)"]
[EventRounds "11"]
[EventCountry "GEO"]
[SourceTitle "EXT 2024"]
[Source "ChessBase"]
[SourceDate "2023.10.10"]
[SourceVersion "1"]
[SourceVersionDate "2023.10.10"]
[SourceQuality "1"]
[WhiteTeam "Luxembourg"]
[BlackTeam "FIDE"]
[WhiteTeamCountry "LUX"]

1. e4 d5 2. exd5 Qxd5 3. Nc3 Qd6 4. Nf3 Nf6 5. d4 c6 6. Be2 Bf5 7. Be3 e6 8. Qd2 Be7 9. 0-0 h6 10. a3 0-0 11. Ne5 Nbd7 12. Nc4 Qc7 13. Bf3 Nd5 14. Nxd5 cxd5 15. Ne5 Nxe5 16. dxe5 Qxc2 17. Qxc2 Bxc2 18. Rfc1 Rfc8 19. b4 a6 20. h3 Ba4 21. Bd4 Rc6 22. Rxc6 bxc6 23. Be2 a5 24. Bc3 Bd8 25. Rc1 axb4 26. Bxb4 Bc7 27. f4 g5 28. g3 gxf4 29. gxf4 Bb6+ 30. Kg2 Be3 31. Rf1 c5 32. Be1 d4 33. Bf3 Bb5 34. Bxa8 Bxf1+ 35. Kxf1 Bxf4 36. Ke2 c4 37. Bd2 d3+ 38. Kd1 Bxe5 39. Bxh6 Bb2 40. Bc1 Bd4 41. Kd2 Bg7 42. a4 f5 43. a5 Bd4 44. Bc6 f4 45. Bb5 Bc5 46. Bxc4 Bb4+ 47. Kxd3 Bxa5 48. Bxe6+ Kg7 49. Bxf4 Bd8 50. Bg4 Kg6 51. Ke4 Bg5 52. Bf5+ Kh6 53. Be5 Bc1 54. Kd5 Bg5 55. Ke6 Bc1 56. Kf7 Bg5 57. Bg6 Bc1 58. h4 Bb2 59. Bf4# 1-0

[Event "Wch U14 rapid"]
[Site "Batumi"]
[Date "2023.06.06"]
[Round "1"]
[White "Esmer, Kemal Eymen"]
[Black "Bazilius, Augustinas"]
[Result "0-1"]
[WhiteElo "1508"]
[BlackElo "2054"]
[PlyCount "126"]
[EventDate "2023.06.06"]
[EventType "swiss (rapid)"]
[EventRounds "11"]
[EventCountry "GEO"]
[SourceTitle "EXT 2024"]
[Source "ChessBase"]
[SourceDate "2023.10.10"]
[SourceVersion "1"]
[SourceVersionDate "2023.10.10"]
[SourceQuality "1"]
[WhiteTeam "Luxembourg"]
[BlackTeam "Lithuania"]
[WhiteTeamCountry "LUX"]
[BlackTeamCountry "LTU"]

1. e4 c5 2. Nf3 d6 3. c3 Nf6 4. Be2 g6 5. 0-0 Bg7 6. Qc2 Qc7 7. a4 0-0 8. Na3 a6 9. d4 cxd4 10. cxd4 Qxc2 11. Nxc2 Nxe4 12. Re1 Nf6 13. Bc4 d5 14. Bd3 Nc6 15. b4 Bg4 16. Ne5 Rfe8 17. Bg5 Bf5 18. Bxf6 Bxf6 19. Bxf5 gxf5 20. Nxc6 bxc6 21. Red1 Reb8 22. Rab1 a5 23. b5 cxb5 24. axb5 a4 25. Rd3 Ra5 26. Na3 e6 27. Kf1 Be7 28. Ke2 Kg7 29. g3 h5 30. Ke3 Kf6 31. h4 Bd6 32. Rc3 f4+ 33. gxf4 Kf5 34. Kf3 Bxa3 35. Rxa3 Raxb5 36. Rxb5 Rxb5 37. Rxa4 Rb3+ 38. Kg2 Kxf4 39. Ra7 f6 40. Re7 Kf5 41. Rh7 Kg4 42. f3+ Rxf3 43. Rg7+ Kf4 44. Rg6 Ke4 45. Rh6 Rf5 46. Rh8 Kxd4 47. Ra8 Ke4 48. Kg3 Rf3+ 49. Kg2 Rf4 50. Kg3 Rg4+ 51. Kh3 d4 52. Ra4 f5 53. Rb4 f4 54. Ra4 f3 55. Rb4 f2 56. Rb1 Rg1 57. Rxg1 fxg1R 58. Kh2 Rg4 59. Kh3 d3 60. Kh2 d2 61. Kh3 d1Q 62. Kh2 Qe2+ 63. Kh3 Qg2# 0-1

[Event "Madrid Alcorcon op 1st"]
[Site "Madrid"]
[Date "2022.12.29"]
[Round "7"]
[White "Palacios Sanchez, Victor"]
[Black "Esmer, Kemal Eymen"]
[Result "0-1"]
[WhiteElo "1632"]
[BlackElo "1390"]
[PlyCount "72"]
[EventDate "2022.12.26"]
[EventType "swiss"]
[EventRounds "9"]
[EventCountry "ESP"]
[SourceTitle "CBM 212 Extra"]
[Source "ChessBase"]
[SourceDate "2023.03.31"]
[SourceVersion "1"]
[SourceVersionDate "2023.03.31"]
[SourceQuality "1"]

1. c4 e5 2. g3 c6 3. Nf3 e4 4. Nd4 d5 5. cxd5 cxd5 6. b3 Bc5 7. Bb2 Nf6 8. Bg2 Qb6 9. e3 Nbd7 10. Ne2 0-0 11. Nbc3 Ne5 12. Nf4 Bg4 13. Na4 Qb5 14. Bf1 Qe8 15. Be2 Bxe2 16. Qxe2 Nf3+ 17. Kf1 Be7 18. Kg2 Qd7 19. d3 Rfd8 20. Rhd1 Qf5 21. Nxd5 Qg4 22. dxe4 Nh4+ 23. Kf1 Qh3+ 24. Ke1 Ng2+ 25. Kd2 Nxd5 26. exd5 Rxd5+ 27. Bd4 Qf5 28. Kc3 Rd7 29. Kb2 b5 30. Nc3 a6 31. Rd2 Rc8 32. f4 b4 33. Na4 Nxe3 34. Bxe3 Bf6+ 35. Bd4 Rxd4 36. Qxa6 Rxd2# 0-1

[Event "Madrid Alcorcon op 1st"]
[Site "Madrid"]
[Date "2022.12.28"]
[Round "6"]
[White "Esmer, Kemal Eymen"]
[Black "Lopez Herrero, Israel"]
[Result "0-1"]
[WhiteElo "1390"]
[BlackElo "1749"]
[PlyCount "82"]
[EventDate "2022.12.26"]
[EventType "swiss"]
[EventRounds "9"]
[EventCountry "ESP"]
[SourceTitle "CBM 212 Extra"]
[Source "ChessBase"]
[SourceDate "2023.03.31"]
[SourceVersion "1"]
[SourceVersionDate "2023.03.31"]
[SourceQuality "1"]

1. e4 c5 2. Nf3 d6 3. c3 Nf6 4. h3 e6 5. d3 Be7 6. e5 dxe5 7. Nxe5 0-0 8. Be2 Nbd7 9. Nf3 Qc7 10. 0-0 b5 11. a4 b4 12. cxb4 cxb4 13. Nd4 Nc5 14. Nb3 Nxb3 15. Qxb3 Bb7 16. Nd2 Qe5 17. Nf3 Qxe2 18. Re1 Bd5 19. Qxb4 Bxb4 20. Rxe2 Bxf3 21. gxf3 Rfd8 22. Be3 Rxd3 23. Rc1 Nd5 24. Rcc2 Nxe3 25. fxe3 g6 26. Kf2 Rad8 27. f4 Rd2 28. Kf3 Rxc2 29. Rxc2 Rd2 30. Rxd2 Bxd2 31. Ke2 Bb4 32. Kd3 Kg7 33. e4 Kh6 34. Ke3 Kh5 35. Kf3 Kh4 36. Kg2 a5 37. b3 Bd2 38. e5 Bxf4 39. b4 axb4 40. a5 b3 41. a6 Be3 0-1